000 00259nam a22001217a 4500
008 170608b xxu||||| |||| 00| 0 eng d
041 _aeng
080 _a94
100 _a18
101 _aSHH
245 _aTHE RIDDLE OF HISTORY
_cMAZLISH,B
942 _2udc
_cBK
999 _c16374
_d16374